| 000 | 00523nam a22001817a 4500 | ||
|---|---|---|---|
| 999 |
_c9180 _d9180 |
||
| 008 | 210326b ||||| |||| 00| 0 eng d | ||
| 040 | _aBMS College of Architecture | ||
| 100 | _aR, Sahana | ||
| 245 | _aSanthe : An urban market space | ||
| 300 | _a58p. | ||
| 500 | _a1BM04AT028 | ||
| 502 |
_8B.Arch _NBMS College of Architecture, Visvesvaraya Technological University _aProject report _d2009 |
||
| 650 | _aUrban | ||
| 650 | _aMarket | ||
| 700 |
_aK Jaisim _eGuide |
||
| 700 |
_aMamatha P Raj _eGuide |
||
| 942 |
_2ddc _cTHE |
||